Should Marginal Tax Rates be Equalized Through Time?

Saved in:
Bibliographic Details
Main Author: Kingston, Geoffrey H.
Format: Book
Language:English
Published: Brisbane University of Queensland 1986
Edition:1. ed.
Series:Working Paper No.59
Tags: Add Tag
No Tags, Be the first to tag this record!

MARC

LEADER 00000nam a2200000 4500
001 c025466
005 20221220072722.2
041 0 |a eng 
044 |a AU 
245 1 0 |a Should Marginal Tax Rates be Equalized Through Time?  |c Geoffrey H. Kingston 
250 |a 1. ed. 
264 1 |a Brisbane  |b University of Queensland  |c 1986 
300 |a 23 s. 
490 1 |a Working Paper  |v No.59 
830 0 |a Working Paper  |v No.59 
100 1 |a Kingston, Geoffrey H.